00386nam a2200145Ia 4500100003200000942000700032654000800039245003600047260001400083082001400097300000800111546001200119999001700131952009200148 aBoggs/Wendy/ Boggs/michael  cBK aUML aMastering UMLwith rational Rose bBPBc2002 a5.13bBOG a957 aENGLISH c28140d28140 001040708CRCaCRCEbCRCEd2023-03-17l0o5.13 BOGp15617r2023-03-17w2023-03-17yBK